00978nam a2200217 a 450000100100000000500170001000800410002702000150006804000250008308200150010810000320012324500840015526000380023930000350027750000620031204900090037495201280038395201130051195201190062499900170074300003050520200930062341.0110523s2011 dr ac 000 0 spa d a0965015467 aDO-SdBNPbspacBNPHU axxxbR621e1 aRivera, Dannyd1945-95712710a21590069 enamorado de la paz :bdiario en una cárcel federal /cDanny Rivera. aSanto Domingo :bMakarios,c2011. a112 p. :bil., retr. ;c28 cm. aIncluye datos biográficos del autor en la contraportada aBNPD 001054708DSaGRbGRcCTd2011-05-23iLF1l0oxxx R621ep30505-30r2020-06-25te. 3w2020-06-25yLFDSZPréstamo en sala 0010718PDaPDbPDcCTd2011-05-23iLF1l0oxxx R621ep30505-10r2020-06-25w2020-06-25yLFPDZNo se presta 0010718PDaPDbPDcCTd2011-05-23iLF1l0oxxx R621ep30505-20r2020-06-25te. 2w2020-06-25yLFPDZNo se presta c29997d29997